000 00819nam a2200229Ii 4500
003 JO-AjNU
008 230605s9999||||xx |||||||||||||| ||und||
017 _a2004/5950
020 _a9959-29-234-7
040 _aJO-AjNU
_bara
_erda
_cJO-AjNU
041 _aara
050 1 4 _aP121.A446 2004
100 3 _aعلي،محمد محمد يونس,
_eauthor
_917198
245 0 0 _aمدخل إلى اللسانيات
250 _aط1
264 3 1 _aبيروت: دار الكتاب الجديد المتحدة، 2004
300 _a123ص
_bيشتمل على تمرينان، فهارس، قوائم ببيلوجرافيا من ص 107-123
336 _atext
_btxt
_2rdacontent
337 _aunmediated
_bn
_2rdamedia
338 _avolume
_bnc
_2rdacarrier
650 4 _aفقة اللغة - اللسانيات - اللغات
_917199
999 _aA5261
_c8829
_d8829